Mujeres en escena : (Record no. 172749)

MARC details
000 -CABECERA
campo de control de longitud fija 00772nam a2200217 u 4500
005 - FECHA Y HORA DE LA ÚLTIMA TRANSACCIÓN
campo de control 20240207063549.0
008 - ELEMENTOS DE LONGITUD FIJA--INFORMACIÓN GENERAL
campo de control de longitud fija 141110s1997 r 000 0 eng d
020 ## - NÚMERO INTERNACIONAL NORMALIZADO PARA LIBROS
Número Internacional Estándar del Libro 9688426466
035 ## - NÚMERO DE CONTROL DEL SISTEMA
Número de control de sistema UPN01000200648
049 ## - COLECCIÓN
Colección CG
050 #4 - SIGNATURA TOPOGRÁFICA DE LA BIBLIOTECA DEL CONGRESO
Número de clasificación HQ1236.5 M6
Número de documento/Ítem T8.5
100 1# - ASIENTO PRINCIPAL--NOMBRE PERSONAL
Nombre de persona Tuñón Pablos, Esperanza
9 (RLIN) 36378
245 10 - MENCIÓN DE TÍTULO
Título Mujeres en escena :
Resto del título de la tramoya al protagonismo : el quehacer político del movimiento amplio de mujeres en México (1982-1994) /
Mención de responsabilidad, etc. Esperanza Tuñón Pablos.
260 ## - PUBLICACIÓN, DISTRIBUCIÓN, ETC.
Lugar de publicación, distribución, etc. México :
Nombre del editor, distribuidor, etc. UNAM :
-- Miguel Angel Porrúa,
Fecha de publicación, distribución, etc. 1997.
300 ## - DESCRIPCIÓN FÍSICA
Extensión 143 p.
440 #4 - MENCIÓN DE SERIE/ASIENTO SECUNDARIO--TÍTULO
Título Las ciencias sociales.
Nombre de parte o sección de la obra Estudios de género
650 #4 - ASIENTO SECUNDARIO DE MATERIA - TERMINO TEMATICO
Término de materia o nombre geográfico como elemento de entrada Mujeres
Subdivisión general Actividad política
Subdivisión geográfica México
9 (RLIN) 17499
650 #4 - ASIENTO SECUNDARIO DE MATERIA - TERMINO TEMATICO
Término de materia o nombre geográfico como elemento de entrada Feminismo
Subdivisión geográfica México
9 (RLIN) 3816
905 ## - TIPO DE MATERIAL
Tipo de material Libro
Holdings
Estado de retiro Estado de pérdida Fuente del sistema de clasificación o colocación Estado dañado No para préstamo Código de colección Localización permanente Ubicación/localización actual Ubicación en estantería Total de préstamos Clasificación Código de barras Fecha visto por última vez Número de copia Tipo de ítem Koha
    Library of Congress Classification     Colección General Bib. Gregorio Torres Quintero Bib. Gregorio Torres Quintero Planta baja 1 HQ1236.5 M6 T8.5 299708 31/12/2020 1 Libro